Algebra lineal

Enregistré dans:
Détails bibliographiques
Auteur principal: Burgos Román, Juan de (Auteur)
Format: Livre
Langue:espagnol
Publié: Madrid McGraw Hill 1993
Sujets:
Tags: Ajouter un tag
Pas de tags, Soyez le premier à ajouter un tag!

MARC

LEADER 00000nam a2200000 a 4500
001 UCP4896
003 CL-VaPUC
008 990821e19930000SP |||||||||||||||||spa|d
082 0 4 |a 512.5  |b BUR  |2 21 
100 0 |a Burgos Román, Juan de  |e author  |9 432881 
245 1 0 |a Algebra lineal 
300 |a 796 p 
942 |c BK 
945 |d 19990821 00:00:00  |a vberengu 
260 |a Madrid  |b McGraw Hill  |c 1993 
650 0 |a Álgebra   |x Matrices  |9 369268 
650 0 |a Análisis numérico   |9 259387 
650 0 |a Geometría   |9 264063 
650 0 |a Vectores  |9 317184 
583 |a last modification  |c 19990821 00:00:00  |k Rodrigo Vera 
999 |c 282787  |d 282785 
952 |0 0  |1 0  |4 0  |6 512_500000000000000_BUR_1993  |7 0  |8 A  |9 325183  |a BIBMAT  |b BIBMAT  |d 2019-11-20  |i 3553566  |l 1  |o 512.5 BUR 1993  |p 3553566  |q 2020-07-29  |r 2020-07-28  |s 2020-07-28  |w 2019-11-20  |y BK  |k MAT 
952 |0 0  |1 0  |4 0  |6 512_500000000000000_BUR_1993  |7 0  |8 A  |9 325184  |a BIBMAT  |b BIBMAT  |d 2019-11-20  |i 3555763  |l 1  |o 512.5 BUR 1993  |p 3555763  |r 2025-01-07  |s 2024-09-26  |w 2019-11-20  |y BK  |k MAT 
952 |0 0  |1 0  |4 0  |6 512_500000000000000_BUR_1993  |7 0  |8 A  |9 325185  |a BIBMAT  |b BIBMAT  |d 2019-11-20  |i 3555771  |o 512.5 BUR 1993  |p 3555771  |r 2025-01-07  |w 2019-11-20  |y BK  |k MAT